00625nam a2200217Ia 4500003000900000008004100009040001300050040001300063041000800076100001700084245002200101250000900123260002100132260000900153300000800162490001100170490000600181942000700187999001700194952019600211IT-RoPAU120407s9999 xx 000 0 und d aIT-RoPAU cIT-RoPAU aita aPaul Claudel aTre figure sante. aRoma aEdizioni Paoline c1956 c cm aDds, 6 v1 cBK c18446d18446 00102ddc406208_25600000000000071aPAULUSbPAULUSd2012-04-11l0o208.256r2012-04-11 00:00:00w2012-04-11yBKzInserito da: Anna In data: 14 luglio 2011 fondo: Via A.Severo 56 Progr:35607